Statistics for Top 15 Countries with Covid-19 Deaths - 28 Apr 2021

Click here to take the quiz!

General Stats

  • This quiz has been taken 23 times
  • The average score is 16 of 24

Answer Stats

country% Correct
France
100%
United Kingdom
100%
United States
100%
Italy
95%
Germany
91%
India
91%
Brazil
86%
Russia
86%
Mexico
77%
Spain
77%
Argentina
73%
Poland
73%
Colombia
68%
Iran
64%
Belgium
59%
Peru
59%
Slovakia
45%
Czechia
41%
Hungary
41%
Slovenia
41%
Bulgaria
32%
Croatia
27%
Bosnia and
Herzegovina
23%
North Macedonia
14%

Score Distribution

Percentile by Number Answered

Percent of People with Each Score

Your Score History

You have not taken this quiz